000 00688cam a22002171 4500
001 sa 65004790
003 DLC
005 20260227112133.0
008 771028s1964 ii a 000 0 eng
010 _asa 65004790
035 _a(OCoLC)3377259
040 _aDLC
_cMnMohC
_dDLC
042 _apremarc
050 0 0 _aNC1255.H4
_bA8
100 1 _aHebbar, Kattingeri Krishna,
_d1911-1996.
245 1 4 _aThe singing line.
_cDrawings by Hebbar. Words by Mulk Raj Anand.
260 _a[Bombay,
_bPublished by G. S. Pohekar for Western Printers & Publishers,
_c1964]
300 _a1 v.
_b( chiefly illus.)
_c28 cm.
490 0 _aA Peacock publication
700 1 _aAnand, Mulk Raj,
_d1905-2004.
999 _c63954
_d63954